| 000 | 01464nam a2200325 c 4500 | ||
|---|---|---|---|
| 003 | BLK | ||
| 005 | 20191030163240.0 | ||
| 008 | 180413b bul|||||r ||||||| ||bul|| | ||
| 010 | _aKNG00026884000 | ||
| 020 |
_a954-9607-04-6 _bиздат.: Gaberoff |
||
| 040 | _aBLK | ||
| 041 |
_aFRE _cFRE _hBUL |
||
| 080 |
_aЛексикология. Езикови речници и разговорници. Лексикография _b81`374 _x=133.1=163.2 _z81`374=133.1=163.2 |
||
| 100 | 1 |
_aИлиев, Андрей _eпърви автор _9267617 |
|
| 700 | 1 |
_aКонстантинова, Микрула Василева _eсъавт. _9263122 |
|
| 700 | 1 |
_aПопова, Иванка _eсъавт. _9267618 |
|
| 139 |
_aИлиев, Андрей и др. _bИ 52 |
||
| 245 | 1 | 0 |
_aФренско-български речник A - Z _bФренска граматика и таблици за спрежение на глаголите _cАндрей Илиев; съавт. Микрула Василева Константинова; съавт. Иванка Попова. |
| 257 | _aBGR | ||
| 260 |
_bGaberoff _c1999 |
||
| 300 |
_a1336 с. _c24 см |
||
| 380 | _a80 | ||
| 650 | 4 |
_aФренски език - речници, френско-български _9241626 |
|
| 653 | _aфренско-български речници | ||
| 852 | _aЦб 199926 | ||
| 856 | 4 |
_qpdf _u |
|
| 856 | 4 |
_qpdf _u |
|
| 942 |
_cKNG _n0 _01 |
||
| 944 |
_aCR _c15.01.2003 _kТеодора_Стоянова |
||
| 944 |
_aED _c21.01.2004 _k |
||
| 999 |
_c24372 _d24372 |
||